000 00581nam a2200193Ia 4500
003 GCL
008 140319s9999 xx 000 0 ara d
040 _aGCL /
_cGCL
082 0 4 _aط
_b050
_bم م
100 1 _aمكرم محمد احمد
245 1 0 _aمجلد ميكى /
_cمكرم محمد احمد
260 _a[S.N] :
_bدار الهلال للطباعة والنشر
490 _aمجلد سوبر ميكى
_v0
650 0 4 _aالاطفال
650 0 4 _aقصص الاطفال
650 0 4 _aالدوريات
650 0 4 _aدوريات الاطفال
942 _2ddc
_cBK
999 _c30521
_d30521